PCT or RD? (Record no. 80656)
[ view plain ]
| 000 -LEADER | |
|---|---|
| fixed length control field | 01047cab a22002175a 4500 |
| 001 - CONTROL NUMBER | |
| control field | L144943 |
| 008 - FIXED-LENGTH DATA ELEMENTS--GENERAL INFORMATION | |
| fixed length control field | 080826s2008 xxkeo f 000 0 eng d |
| 035 ## - SYSTEM CONTROL NUMBER | |
| System control number | (Sirsi) u144943 |
| 041 0# - LANGUAGE CODE | |
| Language code of text/sound track or separate title | eng |
| 110 2# - MAIN ENTRY--CORPORATE NAME | |
| Corporate name or jurisdiction name as entry element | CMS Acoustic Solutions |
| 9 (RLIN) | 5597 |
| 245 00 - TITLE STATEMENT | |
| Title | PCT or RD? |
| 260 ## - PUBLICATION, DISTRIBUTION, ETC. | |
| Date of publication, distribution, etc. | 2008 |
| 490 ## - SERIES STATEMENT | |
| Series statement | Building Engineer |
| Volume/sequential designation | 83(8) August 2008, 12-13(2) |
| 520 ## - SUMMARY, ETC. | |
| Summary, etc. | Analyses the possibilities that a developer has to demonstrate compliance to Building Regulations part E - requirements for sound insulation between buildings - by choosing between Pre-Completion Testing (PCT) and Robust Detail (RD). Discusses the advantages of each procedure and shows why the choices continue through to product selection. Presents two case studies from Oak Tree Developments and Countryside Properties companies. |
| 590 ## - LOCAL NOTE (RLIN) | |
| Local note | KA |
| 650 24 - SUBJECT ADDED ENTRY--TOPICAL TERM | |
| Topical term or geographic name entry element | BUILDING REGULATIONS 2000 APPROVED DOCUMENT E (2003 EDITION) |
| 651 #4 - SUBJECT ADDED ENTRY--GEOGRAPHIC NAME | |
| Geographic name | England and Wales |
| Chronological subdivision | 1543- |
| 690 ## - LOCAL SUBJECT ADDED ENTRY--TOPICAL TERM (OCLC, RLIN) | |
| Topical term or geographic name as entry element | Building regulations |
| 9 (RLIN) | 6224 |
| 690 ## - LOCAL SUBJECT ADDED ENTRY--TOPICAL TERM (OCLC, RLIN) | |
| Topical term or geographic name as entry element | BUILT ENVIRONMENT-CONSTRUCTION DESIGN-ACOUSTICS |
| 942 ## - ADDED ENTRY ELEMENTS (KOHA) | |
| Suppress in OPAC | 0 |
| Withdrawn status | Lost status | Source of classification or shelving scheme | Damaged status | Not for loan | Home library | Current library | Shelving location | Date acquired | Total Checkouts | Full call number | Barcode | Date last seen | Copy number | Price effective from | Koha item type |
|---|---|---|---|---|---|---|---|---|---|---|---|---|---|---|---|
| Dewey Decimal Classification | London | London | Journal article | 26/08/2008 | L144943 | 144943-1001 | 06/08/2019 | 1 | 06/08/2019 | Journal article |